Heartland / Season 8 (Record no. 201717)
[ view plain ]
| 000 -LEADER | |
|---|---|
| fixed length control field | 02921nam a22004337a 4500 |
| 005 - DATE AND TIME OF LATEST TRANSACTION | |
| control field | 20251211123546.0 |
| 007 - PHYSICAL DESCRIPTION FIXED FIELD--GENERAL INFORMATION | |
| fixed length control field | vd cvaizm |
| 008 - FIXED-LENGTH DATA ELEMENTS--GENERAL INFORMATION | |
| fixed length control field | 151021b xxu||||g |||| 00| vleng d |
| 022 ## - INTERNATIONAL STANDARD SERIAL NUMBER | |
| International Standard Serial Number | 774212105180 |
| 040 ## - CATALOGING SOURCE | |
| Original cataloging agency | DCL |
| Description conventions | rda |
| 092 ## - LOCALLY ASSIGNED DEWEY CALL NUMBER (OCLC) | |
| Classification number | DVD |
| Item number | Hogan's |
| 245 ## - TITLE STATEMENT | |
| Title | Heartland / Season 8 |
| Medium | [videorecording] |
| 264 ## - Production, Publication, Distribution, Manufacture, and Copyright Notice. | |
| Place of production, publication, distribution, manufacture | [Canada] ; |
| Name of producer, publisher, distributor, manufacturer | [e one, CBC] ; |
| Date of production, publication, distribution, manufacture, or copyr | 2014, c2015. |
| 300 ## - PHYSICAL DESCRIPTION | |
| Extent | 5 DVD Set (810 min) |
| Dimensions | 4 3/4 in. |
| Other physical details | sound ; color. |
| 336 ## - Content Type | |
| Content type term | two-dimensional moving image |
| 337 ## - Media type | |
| Media type term | video |
| 338 ## - Carrier type | |
| Carrier type term | videodisc |
| 440 ## - SERIES STATEMENT/ADDED ENTRY--TITLE | |
| Title | Heartland ; |
| Volume number/sequential designation | The Complete Eighth Season. |
| 9 (RLIN) | 5976219 |
| 500 ## - GENERAL NOTE | |
| General note | "Based on the Best-Selling books by Lauren Brooke".---video cover |
| 500 ## - GENERAL NOTE | |
| General note | English 5.1 Dolby Digital<br/><br/>English SDH subtitles for the deaf and hard-of-hearing<br/><br/>Format: 16.9 1.78 FF<br/><br/>810 Minutes |
| 505 ## - FORMATTED CONTENTS NOTE | |
| Formatted contents note | Disc One:<br/>There and Back Again, The Big Red Wall, Severed Ties, Secrets and Lies. |
| 505 ## - FORMATTED CONTENTS NOTE | |
| Formatted contents note | Disc Two:<br/>Endings and Beginnings, Steal Away, Walk a Mile, The Family Tree. |
| 505 ## - FORMATTED CONTENTS NOTE | |
| Formatted contents note | Disc Three:<br/>The Pike River Cull, The Heart of a River, the Silent Partner, Broken Hearted. |
| 505 ## - FORMATTED CONTENTS NOTE | |
| Formatted contents note | Disc Four:<br/>Cowgirls Don't Cry, Riders on the Storm, Eclipse of the Heart, Faking it. |
| 505 ## - FORMATTED CONTENTS NOTE | |
| Formatted contents note | Disc Five:<br/>All I Need is You, Written in Stone. |
| 505 ## - FORMATTED CONTENTS NOTE | |
| Formatted contents note | BONUS FEATURES:<br/>Best Things About Heartland, Cast Interviews, Season Nine Preview... , Bloopers... , and much more! |
| 511 ## - PARTICIPANT OR PERFORMER NOTE | |
| Participant or performer note | Amber Marshall (actor) ,<br/>Michelle Morgan (actor),<br/>Shaun Jonston (actor),<br/>Graham Wardle (actor). |
| 520 ## - SUMMARY, ETC. | |
| Summary, etc | A Family Drama...<br/><br/> A Horse Whisperer...<br/><br/> A Special Mission...<br/><br/> |
| 520 ## - SUMMARY, ETC. | |
| Summary, etc | Set in the rolling foothills of the Rockies, the eighth season of Heartland continues to follow life on the ranch as Amy Fleming (Amber Marshall), her older sister Lou (Michelle Morgan) and their grandfather Jack (Shaun Johnston) deal with the challenges of running the ranch that has been in their family for six generations<br/><br/>Season 8 begins with Amy arriving back from the European Eqestrian circuit, still riding high on the opulent lifestyle and adrenaline of working with Prince Ahmeds high-performance horses. But if she thought life at Heartland was going to pick up where it left off, she is sorely mistaken. Amy's time away has changed her and everyone else back home. And as the family stuggles through secrets, rivalries and misunderstandings, Amy and Ty (Graham Wardle) must find solid ground in their realationship.<br/> |
| 650 ## - SUBJECT ADDED ENTRY--TOPICAL TERM | |
| Topical term or geographic name as entry element | Horses |
| 9 (RLIN) | 85476 |
| 650 ## - SUBJECT ADDED ENTRY--TOPICAL TERM | |
| Topical term or geographic name as entry element | Relationships |
| 9 (RLIN) | 5692437 |
| 650 ## - SUBJECT ADDED ENTRY--TOPICAL TERM | |
| Topical term or geographic name as entry element | Family struggles |
| Form subdivision | Relationships |
| 9 (RLIN) | 5692438 |
| 700 ## - ADDED ENTRY--PERSONAL NAME | |
| Personal name | Amber Marshall (actor) ; |
| 9 (RLIN) | 5692446 |
| 700 ## - ADDED ENTRY--PERSONAL NAME | |
| Personal name | Michelle Morgan (actor) ; |
| 9 (RLIN) | 5692447 |
| 700 ## - ADDED ENTRY--PERSONAL NAME | |
| Personal name | Shaun Johnston (actor) ; |
| 9 (RLIN) | 5692448 |
| 700 ## - ADDED ENTRY--PERSONAL NAME | |
| Personal name | Graham Wardle (actor). |
| 9 (RLIN) | 5692449 |
| 710 ## - ADDED ENTRY--CORPORATE NAME | |
| Corporate name or jurisdiction name as entry element | Entertainment One. |
| 9 (RLIN) | 5692443 |
| 942 ## - ADDED ENTRY ELEMENTS (KOHA) | |
| Source of classification or shelving scheme | Dewey Decimal Classification |
| Koha item type | Video |
| Withdrawn status | Lost status | Source of classification or shelving scheme | Materials specified (bound volume or other part) | Damaged status | Not for loan | Collection code | Home library | Current library | Shelving location | Date acquired | Source of acquisition | Cost, normal purchase price | Total Checkouts | Total Renewals | Full call number | Barcode | Checked out | Date last seen | Date checked out | Cost, replacement price | Price effective from | Koha item type |
|---|---|---|---|---|---|---|---|---|---|---|---|---|---|---|---|---|---|---|---|---|---|---|
| Dewey Decimal Classification | .CIRCNOTE. 5 discs | Television Series | Wasatch County Library | Wasatch County Library | Audio Visual Area | 02/24/2016 | Amazon | 39.95 | 54 | 4 | TV Series Heartland #8 | 34301001464272 | 05/02/2026 | 03/06/2026 | 03/06/2026 | 39.95 | 03/20/2020 | DVD Series |
